logo

Bir Sreshtho Munshi Abdur Rouf Library
Jhenaidah Cadet College

Forging practice / (Record no. 8069)

MARC details
000 -LEADER
fixed length control field 00760cam a22002532 4500
001 - CONTROL NUMBER
JCCL Control Number 8069
003 - CONTROL NUMBER IDENTIFIER
JCCL marc code BD - JhCC
005 - DATE AND TIME OF LATEST TRANSACTION
control field 20180218110513.0
008 - FIXED-LENGTH DATA ELEMENTS--GENERAL INFORMATION
fixed length control field 731001s1960 ru a 000 0 eng
035 ## - SYSTEM CONTROL NUMBER
system control number (BD - JhCC)8069
040 ## - CATALOGING SOURCE
Original cataloging agency DLC
Transcribing agency DLC
Modifying agency EQO
-- BD - JhCC
041 1# - LANGUAGE CODE
Language code of Book engrus
050 0# - LIBRARY OF CONGRESS CALL NUMBER
Classification number TS225
Item number .K3213
082 ## - DEWEY DECIMAL CLASSIFICATION NUMBER
Classification number 671.3/3
Author mark and Year KAM 1960
100 1# - MAIN ENTRY--PERSONAL NAME
Personal name Kamenshchikov, G. G.
240 10 - UNIFORM TITLE
Uniform title Kuznechnoe proizvodstovo.
245 10 - TITLE STATEMENT
Title Forging practice /
Statement of responsibility, etc [by] G. Kamenshchikov [and others. Translated from the Russian by L. Zelikov].
260 ## - PUBLICATION, DISTRIBUTION, ETC. (IMPRINT)
Place of publication, distribution, etc Moscow :
Name of publisher, distributor, etc Foreign Languages Pub. House,
Date of publication, distribution, etc [1960?]
300 ## - PHYSICAL DESCRIPTION
Pagination 412 p.
Other physical details illus.
Dimensions 23 cm.
500 ## - GENERAL NOTE
General note Translation of Kuznechnoe proizvodstovo.
650 #0 - SUBJECT ADDED ENTRY--TOPICAL TERM
Topical term or geographic name as entry element Forging.
942 ## - ADDED ENTRY ELEMENTS (KOHA)
Source of classification or shelving scheme Dewey Decimal Classification
Koha item type Books
Holdings
Source of classification or shelving scheme Damaged status Not for loan Home library Current library Shelving location Total Checkouts Full call number Barcode Date last seen Copy number Koha item type
Dewey Decimal Classification     JCC Rouf Library JCC Rouf Library General Stacks   671.3/3 KAM 1960 10664 02/18/2018 C - 1 Books

JCC Library | Contacts | JCC Home

Last Update on 23 September 2017
Copyright @ 2017-2020 JCC Rouf Library
Rouf Library, Jhenidah Cadet College (JCC), Bangladesh